00373 2200157 4500001002100000005001500021035002000036008004100056245002400097100002200121260001400143082001000157650001200167084001600179990002000195INLIS00000000000132720240819093927 a0010-0824000088240819 0 ind 1 aDongeng Putri Salju aTitis Asmarandana bDUA MEDIA a398.5 4aDongeng a398.5 TIT d a3596/BBTIV/2023